00530nam a2200169Ia 4500100003200000650002100032942000700053366000700060654002100067245006900088260001400157082000800171300000800179546001200187999001700199952014400216 aMcAnlis/Colt/ Haecky/Aleks  aData compression cBK f20 adata compression aUnderstanding compression:Data compression for modern developers bSPDc2016 bMCA a217 aENGLISH c30373d30373 001040708CRCaCRCEbCRCEd2023-03-17eShroff Publishersg380.00i03679 dr 24.01.2019l0o MCAp25531r2023-03-17v475.00w0000-00-00yBK